Central Library OPAC University of Rajshahi

Gothic England : a survey of national culture 1300-1550./ (Record no. 76815)

MARC details
000 -LEADER
fixed length control field 00749nam a2200253 4500
001 - CONTROL NUMBER
control field 76815
003 - CONTROL NUMBER IDENTIFIER
rucl marc code BD-RjUL
005 - DATE AND TIME OF LATEST TRANSACTION
control field 20211209082907.0
008 - FIXED-LENGTH DATA ELEMENTS--GENERAL INFORMATION
fixed length control field 200121s1948 e afd|| b||| 001 0 eng d
035 ## - SYSTEM CONTROL NUMBER
System control number (BD-RjUL)77039
040 ## - CATALOGING SOURCE
Original cataloging agency BD-RjUL
Language of cataloging eng
Transcribing agency BD-RjUL
041 ## - LANGUAGE CODE
Language code of text/sound track or separate title eng
082 ## - DEWEY DECIMAL CLASSIFICATION NUMBER
Edition number 23
Classification number 709.42
Author mark and year HAG 1948
100 ## - MAIN ENTRY--PERSONAL NAME
Personal name Harvey, John
9 (RLIN) 238039
245 ## - TITLE STATEMENT
Title Gothic England : a survey of national culture 1300-1550./
Statement of responsibility, etc. John Harvey
250 ## - EDITION STATEMENT
Edition statement 2nd rev. ed
260 ## - PUBLICATION, DISTRIBUTION, ETC. (IMPRINT)
Place of publication, distribution, etc. Londn ; NewYork :
Name of publisher, distributor, etc. B.T.Batsford,
Date of publication, distribution, etc. c1948
300 ## - PHYSICAL DESCRIPTION
Pagination xiv, 241 p. :
Illustrations ill. ;
Size 23 cm
504 ## - BIBLIOGRAPHY, ETC. NOTE
Bibliography, etc Includes Index
650 ## - SUBJECT ADDED ENTRY--TOPICAL TERM
Topical term or geographic name as entry element Architecture, Gothic.
9 (RLIN) 238040
Topical term or geographic name as entry element Architecture
Geographic subdivision Great Britain.
9 (RLIN) 238041
Topical term or geographic name as entry element Architecture.
9 (RLIN) 238042
942 ## - ADDED ENTRY ELEMENTS (KOHA)
Source of classification or shelving scheme Dewey Decimal Classification
Koha item type Books
Holdings
Lost status Source of classification or shelving scheme Damaged status Not for loan Collection code Permanent Location Current Location Shelving location Date acquired Total Checkouts Full call number Date last seen Copy number Koha item type
  Dewey Decimal Classification   Not For Loan Non-fiction Central Library, University of Rajshahi Central Library, University of Rajshahi Reading Room 21/01/2020   709.42 HAG 1948 21/01/2020 C-1 Books